书目信息 |
| 题名: |
信号与系统典型题精解
|
|
| 作者: | 徐亚宁 , 周茜 编著 | |
| 分册: | ||
| 出版信息: | 北京 电子工业出版社 2005.2 |
|
| 页数: | 299页 | |
| 开本: | 26cm | |
| 丛书名: | ||
| 单 册: | ||
| 中图分类: | TN911.6-44 | |
| 科图分类: | ||
| 主题词: | 信号系统--xin hao xi tong--研究生--入学考试--解题 , 信号系统--xin hao xi tong | |
| 电子资源: | ||
| ISBN: | 7-121-00907-2 | |
| 000 | 01040nam0 2200277 45 | |
| 001 | 012005000000 | |
| 005 | 20051207095928.23 | |
| 010 | @a7-121-00907-2@dCNY25.00 | |
| 100 | @a20050415d2005 em y0chiy0121 ea | |
| 101 | 0 | @achi |
| 102 | @aCN@b110000 | |
| 105 | @af q 000yy | |
| 200 | 1 | @a信号与系统典型题精解@Axin hao yu xi tong dian xing ti jing jie@f徐亚宁,周茜编著 |
| 210 | @a北京@c电子工业出版社@d2005.2 | |
| 215 | @a299页@c图@d26cm | |
| 300 | @a高等学校复习·考研辅导教材 | |
| 320 | @a有书目(第299页) | |
| 330 | @a本书是根据教育部教学指导委员会制定的高等工业学校“信号与系统课程教学基本要求”及硕士研究生入学考试要求而编写的考研的复习指导书,全书由部分习题解答、考研冲刺、考研试题解答三大部分组成。 | |
| 333 | @a阅读对象:报考硕士研究生的考生 | |
| 606 | 0 | @a信号系统@Axin hao xi tong@x研究生@x入学考试@j解题 |
| 606 | 0 | @a信号系统@Axin hao xi tong |
| 690 | @aTN911.6-44@v4 | |
| 701 | 0 | @a徐亚宁@Axu ya ning@4编著 |
| 701 | 0 | @a周茜@Azhou qian@4编著 |
| 801 | 0 | @aCN@bSRXX@c20051207 |
| 905 | @a10447@dTN911.6-44@eX835 | |
| 信号与系统典型题精解/徐亚宁,周茜编著.-北京:电子工业出版社,2005.2 |
| 299页:图;26cm |
| 高等学校复习·考研辅导教材.-使用对象:阅读对象:报考硕士研究生的考生 |
| ISBN 7-121-00907-2:CNY25.00 |
| 本书是根据教育部教学指导委员会制定的高等工业学校“信号与系统课程教学基本要求”及硕士研究生入学考试要求而编写的考研的复习指导书,全书由部分习题解答、考研冲刺、考研试题解答三大部分组成。 |
| ● |
| 相关链接 |
|
|
|
正题名:信号与系统典型题精解
索取号:TN911.6-44/X835
 
预约/预借
| 序号 | 登录号 | 条形码 | 馆藏地/架位号 | 状态 | 备注 |
| 1 | 547035 | 205470355 | 自科库301/301自科库 35排1列4层/ [索取号:TN911.6-44/X835] | 在馆 | |
| 2 | 547036 | 205470364 | 自科库301/301自科库 35排1列4层/ [索取号:TN911.6-44/X835] | 在馆 | |
| 3 | 547037 | 205470373 | 自科库301/404自科库 16排6列1层/ [索取号:TN911.6-44/X835] | 在馆 |